Vista normal
Vista MARC
Entrada Personal Name
Número de registros utilizados en: 2
001 - CONTROL NUMBER
- control field: 3653
003 - CONTROL NUMBER IDENTIFIER
- control field: DLC
005 - DATE AND TIME OF LATEST TRANSACTION
- control field: 20250710132902.0
008 - FIXED-LENGTH DATA ELEMENTS
- fixed length control field: 010425n| acannaabn |a aaa c
010 ## - LIBRARY OF CONGRESS CONTROL NUMBER
- LC control number: no2001033135
035 ## - SYSTEM CONTROL NUMBER
- System control number: (OCoLC)oca05472144
040 ## - CATALOGING SOURCE
- Original cataloging agency: MoSU
- Language of cataloging: spa
- Transcribing agency: Mx-PuUPA
- Modifying agency: DLC
- Modifying agency: Mx-PuUPA
- Description conventions: rda
100 1# - HEADING--PERSONAL NAME
- Personal name: Sols Lucia, José,
374 ## - OCCUPATION
- Occupation: Autor
375 ## - GENDER
- Gender: hombre
377 ## - ASSOCIATED LANGUAGE
- Language code: spa
400 1# - SEE FROM TRACING--PERSONAL NAME
- Personal name: Lucia, José Sols
400 1# - SEE FROM TRACING--PERSONAL NAME
- Personal name: Sols, José
670 ## - SOURCE DATA FOUND
- Source citation: La teología histórica de Ignacio Ellacuría, 1999:
- Information found: t.p. (José Sols Lucia)
670 ## - SOURCE DATA FOUND
- Source citation: Pobreza y exclusión social, 1999:
- Information found: t.p. (José Sols, s.j.)